La sélection des pourvois à la cour de cassation: quelle mission pour la cour de cassation? Enjeux nationaux, regards extérieurs
Salvato in:
| Autori principali: | , |
|---|---|
| Natura: | Libro |
| Lingua: | francese |
| Pubblicazione: |
París
Economica
2005
|
| Edizione: | 1a. ed |
| Serie: | Collection Etudes Juridiques, 21
|
| Soggetti: | |
| Tags: |
Aggiungi Tag
Nessun Tag, puoi essere il primo ad aggiungerne!!
|
MARC
| LEADER | 00000cam a2200000 a 4500 | ||
|---|---|---|---|
| 001 | UCC5662 | ||
| 003 | CL-VaPUC | ||
| 008 | 181021e20050000fr |||||||||||||||||fre|d | ||
| 082 | 0 | 4 | |a 347.077 |b AMR |2 21 |
| 100 | 0 | |a Amrani-Mekki, Soraya |e author |9 599992 | |
| 700 | 0 | |a Cadiet, Loic |e author |9 599993 | |
| 245 | 1 | 3 | |a La sélection des pourvois à la cour de cassation: quelle mission pour la cour de cassation? Enjeux nationaux, regards extérieurs |
| 250 | |a 1a. ed | ||
| 300 | |a 140 p | ||
| 942 | |c BK | ||
| 945 | |d 20181021 19:29:00 |a dcastane | ||
| 260 | |a París |b Economica |c 2005 | ||
| 650 | 0 | |a Recurso de casación |9 258890 | |
| 583 | |a last modification |c 20181021 19:29:00 |k Rodrigo Vera | ||
| 490 | 0 | |a Collection Etudes Juridiques, 21 | |
| 999 | |c 372803 |d 372801 | ||
| 952 | |0 0 |1 0 |3 erb |4 0 |6 347_077000000000000_AMR_2005 |7 0 |8 A |9 490648 |a BIBDER |b BIBDER |i 5508495 |o 347.077 AMR 2005 |p 5508495 |r 2023-01-25 |w 2019-11-24 |y BK |z Catalogado en:20181021 |k DER | ||